Len nezabudnúť Prihovára sa vám zaslúžilá umelkyňa spisovateľka Klára Jarunková

Bibliographic Details
Main Author: Jarunková, Klára, 1922-2005 (Author)
Format: Article
Language:Slovak
Subjects:

MARC

LEADER 00000nab a2200000 a 4500
001 vtls000257539
003 SK-MaSNL
005 20260305005453.0
008 111130c1986 xo 0 slo
015 |a SNBRB19rr/mm-uuuuu 
035 |a CL0267653 
040 |a SNKBUCL  |b slo  |c SNKBUCL  |e AACR2 
041 0 |a slo 
044 |a xo  |c SK 
080 |a 885.4-5  |2 1981 
100 1 |a Jarunková, Klára,  |d 1922-2005  |4 aut  |9 87312 
245 1 0 |a Len nezabudnúť  |b Prihovára sa vám zaslúžilá umelkyňa spisovateľka Klára Jarunková  |c Klára Jarunková 
300 |b Fot. 1. 
650 0 7 |a príhovory  |2 snkbucl  |9 531134 
655 7 |a články z novín a časopisov  |2 snkbucl  |9 267496 
655 7 |a články z odboru literárna veda a krásna literatúra  |2 snkbucl  |9 770045 
773 0 |t Kamarát  |g Roč. 19, č. 2 (1986), s. 3 
850 |a Slovenská národná knižnica v Martine  |a MTA001 
852 |a SNK  |b KIS3GCP 
958 |a RK 
958 |a LX 
992 |a RBX 
999 |c 3240607  |d 3242537